000
00327nam a2200145Ia 4500
005
20251222144632.0
008
251222s9999||||xx |||||||||||||| ||spa||
020
_a
8471120188
082
_a
155.413/P52
100
_a
Piaget, Jean
245
0
_a
La Toma de Conciencia
250
_a
3ra. ed.
264
_b
Morata
942
_c
LIB
999
_c
16337
_d
16337